00484nam a2200169Ia 450000500170000000800410001702000180005804100080007608200170008410000140010124500640011526000350017930000090021450000220022365000220024570000470026720230224140810.0230125s9999 xx 000 0 und d a1-4000-5084-7 aeng a658.406bBOS aBossidy L aConfronting RealitybDoing What Matters to Get Things Right c2004bCrown BusinessaNew York a264p aChange management aChange management aBossidy L; Sudhir Tilloo, Donor & Charan R